书目信息 |
| 题名: |
朗文当代高级英语辞典(英英·英汉双解)
|
|
| 作者: | 朱原 译 | |
| 分册: | ||
| 出版信息: | 北京 商务印书馆 1998.08 |
|
| 页数: | 1916页 | |
| 开本: | 32开 | |
| 丛书名: | ||
| 单 册: | ||
| 中图分类: | H316 | |
| 科图分类: | ||
| 主题词: | 英语 | |
| 电子资源: | ||
| ISBN: | 7-100-02605-9 | |
| 000 | 00599nam0 2200193 45 | |
| 001 | 0005180901 | |
| 005 | 20000914202330.7 | |
| 010 | @a7-100-02605-9@d128.00元 | |
| 100 | @a20000518d1998 km y0chiy0120 ea | |
| 101 | @achi | |
| 105 | @a z 000yy | |
| 200 | 1 | @a朗文当代高级英语辞典(英英·英汉双解)@ALang Wen Dang Dai Gao Ji Ying Yu Ci Dian(Ying Ying·Ying Han Shuang Jie)@f朱原等译@FZhu Yuan Deng Yi |
| 210 | @a北京@c商务印书馆@d1998.08 | |
| 215 | @a1916页@d32开 | |
| 606 | 0 | @a英语 |
| 690 | @aH316@v3 | |
| 701 | @a朱原@4译 | |
| 801 | @aCN@bPftUser@c20000518 | |
| 905 | @dH316@eZH.695@b142799-801@f3 | |
| 朗文当代高级英语辞典(英英·英汉双解)/朱原等译.-北京:商务印书馆,1998.08 |
| 1916页;32开 |
| ISBN 7-100-02605-9:128.00元 |
| ● |
| 相关链接 |
|
|
|
正题名:朗文当代高级英语辞典(英英·英汉双解)
索取号:H316/ZH.695
 
预约/预借
| 序号 | 登录号 | 条形码 | 馆藏地/架位号 | 状态 | 备注 |
| 1 | 142799 | 201427991 | 语言库209/ [索取号:H316/ZH.695] | 在馆 | |
| 2 | 142800 | 201428008 | 语言库209/209语言库 41排5列4层/ [索取号:H316/ZH.695] | 在馆 | |
| 3 | 142801 | 201428017 | 语言库209/209语言库 41排5列4层/ [索取号:H316/ZH.695] | 在馆 |